الفعل الماضى و طريقة تدريسه لغير الناطقين باللغة العربية
Saved in:
| 主要作者: | |
|---|---|
| 其他作者: | |
| 格式: | Thesis |
| 语言: | Arabic |
| 出版: |
خرطوم
: معهد خرطوم دولى غة عربية،
1991
|
| 主题: | |
| 标签: |
添加标签
没有标签, 成为第一个标记此记录!
|
| LEADER | 012310000a22002890004500 | ||
|---|---|---|---|
| 001 | 89312 | ||
| 005 | 20090219130300.0 | ||
| 008 | 940202s1991 ara | ||
| 035 | |a 295618 | ||
| 035 | |a (Sirsi) 89312 | ||
| 040 | |a UIAM |b eng | ||
| 049 | |b m | ||
| 050 | |a PJ6145 | ||
| 100 | 1 | |a عبد الرحمن، فاطمة الزهراء عثمان | |
| 245 | 1 | 0 | |a الفعل الماضى و طريقة تدريسه لغير الناطقين باللغة العربية |
| 246 | 0 | 4 | |a al-Fi'l al-madi wa-tariqat tadrisihi li-ghayr al-natiqin bi-al-lughah al-'Arabiyah / |c i'dad Fatimah al-Zahra' 'Uthman 'Abd al-Rahman; ishraf Muhammad al-Tayyib 'Abd Allah |
| 260 | 1 | |a خرطوم |b : معهد خرطوم دولى غة عربية، |c 1991 | |
| 300 | |a 92 p. | ||
| 502 | |a (M.A.)--Ma'had al-Khurtum al-Dawli lil-Lughat al-'Arabiyah, 1991 | ||
| 596 | |a 1 | ||
| 650 | 0 | |a Arabic language |x Verb | |
| 650 | 0 | |a Arabic language |x Study and teaching Foreign speakers | |
| 655 | 0 | 7 | |a Theses, non-IIUM |
| 700 | 1 | |a 'Abd al-Rahman, Fatimah al-Zahra' 'Uthman | |
| 900 | |a mas-abu | ||
| 999 | |c 430615 |d 462106 | ||
| 952 | |0 0 |6 T PJ 006145 A1356F |7 0 |8 THESES |9 749887 |a IIUM |b IIUM |c MULTIMEDIA |g 0.00 |o t PJ6145A1356F |p 00000295620 |r 2017-10-20 |t 1 |v 0.00 |y THESIS | ||
